[Event "4NCL Division Two"]
[Site "Telford, ENG"]
[Date "2024.03.16"]
[EventDate "2024.03.16"]
[Round "7.31"]
[White "Korshunov, Sergey And."]
[WhiteElo "2245"]
[WhiteTeam "Anglian Avengers"]
[Black "Parker, Jonathan F"]
[BlackTitle "GM"]
[BlackElo "2530"]
[BlackTeam "Barbican 4NCL"]
[Result "1/2-1/2"]

1. e4 e5 2. Nf3 Nc6 3. Bb5 Nf6 4. O-O Bc5 5. c3 O-O 6. d4 Bb6 7. Bg5 h6 8. Bxf6
Qxf6 9. Bxc6 Qxc6 10. Nxe5 Qxe4 11. Nd2 Qf4 12. Nec4 d5 13. Nxb6 axb6 14. Re1
Bg4 15. Qc1 Rfe8 16. Nf1 Qxc1 17. Rexc1 Bd7 1/2-1/2

[Event "4NCL Division Two"]
[Site "Telford, ENG"]
[Date "2024.03.16"]
[EventDate "2024.03.16"]
[Round "7.32"]
[White "Taylor, Martin R"]
[WhiteTitle "FM"]
[WhiteElo "2345"]
[WhiteTeam "Barbican 4NCL"]
[Black "Lewis, Andrew P"]
[BlackTitle "FM"]
[BlackElo "2258"]
[BlackTeam "Anglian Avengers"]
[Result "1-0"]

1. c4 g6 2. d4 Bg7 3. e4 d6 4. Nc3 Nf6 5. f3 O-O 6. Be3 c5 7. Nge2 Nc6 8. d5
Ne5 9. Ng3 e6 10. Be2 exd5 11. cxd5 a6 12. a4 h5 13. O-O Nh7 14. Qd2 Re8 15.
Rae1 b5 16. axb5 axb5 17. Nxb5 Rb8 18. b4 h4 19. bxc5 hxg3 20. Nxd6 Rb2 21. Qc1
Re7 22. hxg3 Ra7 23. Nxc8 Qxc8 24. Rf2 Rb3 25. c6 Raa3 26. Bc5 Ra2 27. Bc4 Rxf2
28. Bxf2 Nxf3+ 29. gxf3 Rc3 30. Be2 Rxc1 31. Rxc1 Be5 32. c7 Ng5 33. Ba6 Qxc7
34. Rxc7 Bxc7 35. Kg2 f6 36. Bd3 Nf7 37. f4 g5 38. Kf3 Bd6 39. Bd4 Kg7 40. Bb5
Bc7 41. Bd7 Bd6 42. Be8 gxf4 43. Bxf7 Kxf7 44. gxf4 Kg6 45. e5 fxe5 46. fxe5
Ba3 47. Ke4 Kf7 48. Kf5 Ke7 49. Be3 Kf7 50. Bg5 Ke8 51. Ke6 Be7 52. Bf6 1-0

[Event "4NCL Division Two"]
[Site "Telford, ENG"]
[Date "2024.03.16"]
[EventDate "2024.03.16"]
[Round "7.33"]
[White "Walker, Martin G"]
[WhiteTitle "FM"]
[WhiteElo "2191"]
[WhiteTeam "Anglian Avengers"]
[Black "Merry, Alan B"]
[BlackTitle "IM"]
[BlackElo "2441"]
[BlackTeam "Barbican 4NCL"]
[Result "0-1"]

1. e4 c6 2. d4 d5 3. exd5 cxd5 4. c4 Nf6 5. Nc3 g6 6. Qb3 Bg7 7. cxd5 O-O 8.
Nge2 a5 9. Nf4 a4 10. Nxa4 g5 11. Ne2 Nxd5 12. Nec3 Ra5 13. Nxd5 Rxd5 14. Nc3
Rxd4 15. Be3 Be6 16. Qc2 Rb4 17. Be2 Nc6 18. O-O Nd4 19. Qd2 Nxe2+ 20. Qxe2 Bc4
21. Qg4 f5 22. Qxg5 Bxf1 23. Rxf1 e6 24. Nd1 f4 25. Qxd8 Rxd8 26. Bc1 Rc4 27.
Nc3 Bxc3 28. bxc3 e5 29. Re1 Rxc3 30. Bb2 Rcd3 31. Bxe5 Rd1 32. Rf1 f3 33. gxf3
Rxf1+ 34. Kxf1 Ra8 35. Bd4 Rxa2 36. Ke1 Kf7 37. Kd1 Ke6 38. Kc1 Kf5 39. Bb2 Kf4
40. Kb1 Ra4 0-1

[Event "4NCL Division Two"]
[Site "Telford, ENG"]
[Date "2024.03.16"]
[EventDate "2024.03.16"]
[Round "7.34"]
[White "Cox, John J"]
[WhiteTitle "IM"]
[WhiteElo "2263"]
[WhiteTeam "Barbican 4NCL"]
[Black "Scott, Gordon W"]
[BlackElo "2280"]
[BlackTeam "Anglian Avengers"]
[Result "1-0"]

1. c4 e5 2. Nc3 Nf6 3. Nf3 Nc6 4. d3 Bb4 5. Bg5 h6 6. Bxf6 Bxc3+ 7. bxc3 Qxf6
8. Nd2 d6 9. g3 O-O 10. Bg2 Ne7 11. O-O c6 12. Qb3 Ng6 13. a4 Qd8 14. a5 a6 15.
Qb6 Qxb6 16. axb6 Bg4 17. Rfe1 a5 18. Ne4 Rfd8 19. c5 dxc5 20. Nxc5 Bc8 21. Ra4
Nf8 22. Rea1 Nd7 23. Nxd7 Bxd7 24. Rxa5 Rxa5 25. Rxa5 f6 26. Ra7 Rb8 27. c4 Kf7
28. c5 f5 29. f4 Kf6 30. e3 Be6 31. Kf2 g5 32. Ke2 Bg8 33. Kd2 Be6 34. Kc3 Bg8
35. d4 exd4+ 36. exd4 Be6 37. Bf1 gxf4 38. gxf4 Bd5 39. Bc4 Be4 40. h4 Bf3 41.
Kd2 Kg6 42. Ra3 Bd5 43. Bxd5 cxd5 44. Rg3+ Kh5 45. Ke3 Re8+ 46. Kf3 Re7 47. Rg8
Kxh4 48. Rc8 Re4 49. c6 1-0

[Event "4NCL Division Two"]
[Site "Telford, ENG"]
[Date "2024.03.16"]
[EventDate "2024.03.16"]
[Round "7.35"]
[White "Kanellopoulos, Panayotis"]
[WhiteElo "2252"]
[WhiteTeam "Anglian Avengers"]
[Black "Rogers, Jonathan W"]
[BlackTitle "FM"]
[BlackElo "2329"]
[BlackTeam "Barbican 4NCL"]
[Result "0-1"]

1. c4 e5 2. g3 Nf6 3. Bg2 c6 4. d4 Bb4+ 5. Bd2 Bxd2+ 6. Qxd2 d6 7. Nc3 O-O 8.
e3 Be6 9. b3 exd4 10. Qxd4 Qa5 11. Nge2 d5 12. cxd5 Nxd5 13. O-O Nb4 14. Qh4
N8a6 15. a3 Nd5 16. b4 Qd8 17. Qd4 Nac7 18. Ne4 a5 19. Nc5 Bc8 20. Rfd1 Qe7 21.
e4 Nf6 22. Nc3 Ne6 23. Nxe6 Bxe6 24. b5 Rfd8 25. Qb6 Rxd1+ 26. Rxd1 h5 27. bxc6
bxc6 28. Nb1 h4 29. Qxc6 Rc8 30. Qb5 h3 31. Bf3 Ng4 32. Qb6 Ne5 33. Be2 Bc4 34.
Qe3 Qe6 35. Nd2 Bxe2 36. Qxe2 Qa2 37. Qh5 Qc2 38. Rf1 Rc5 0-1

[Event "4NCL Division Two"]
[Site "Telford, ENG"]
[Date "2024.03.16"]
[EventDate "2024.03.16"]
[Round "7.36"]
[White "Franklin, Samuel G A"]
[WhiteTitle "FM"]
[WhiteElo "2289"]
[WhiteTeam "Barbican 4NCL"]
[Black "Samarakoon, Vivash Ransara"]
[BlackElo "2142"]
[BlackTeam "Anglian Avengers"]
[Result "1-0"]

1. c4 e5 2. Nc3 Nc6 3. Nf3 Bb4 4. Nd5 Bc5 5. e3 e4 6. d4 exd3 7. Bxd3 Nge7 8.
O-O d6 9. Bd2 Nxd5 10. cxd5 Ne7 11. Bc3 O-O 12. Bc2 Bf5 13. e4 Bg6 14. Qd2 Qd7
15. b4 Bb6 16. a4 a6 17. a5 Ba7 18. Ba4 Qc8 19. Rfe1 f6 20. Rac1 Be8 21. Bb3
Kh8 22. Bd4 Bb8 23. h3 Bd7 24. Nh2 c6 25. dxc6 Bxc6 26. Nf3 Qd7 27. Bb2 Ba7 28.
Rcd1 Rad8 29. Bd4 Bb8 30. Bb6 Rde8 31. Nd4 Nc8 32. Nxc6 bxc6 33. Bd4 c5 34.
Bxc5 Qc7 35. Bd4 d5 36. g3 Rxe4 37. Bxd5 Rxe1+ 38. Qxe1 Rd8 39. Bf3 Ba7 40.
Bxa7 Nxa7 41. Rxd8+ Qxd8 42. Qe6 Qd4 43. Qe8# 1-0

[Event "4NCL Division Two"]
[Site "Telford, ENG"]
[Date "2024.03.16"]
[EventDate "2024.03.16"]
[Round "7.37"]
[White "Talsma, Paul"]
[WhiteElo "2160"]
[WhiteTeam "Anglian Avengers"]
[Black "Sowray, Peter J"]
[BlackTitle "FM"]
[BlackElo "2187"]
[BlackTeam "Barbican 4NCL"]
[Result "0-1"]

1. d4 d5 2. c4 e6 3. Nc3 Nf6 4. cxd5 exd5 5. Bg5 c6 6. e3 Be7 7. Bd3 Nbd7 8.
Qc2 h6 9. Bf4 Nh5 10. Nxd5 cxd5 11. Bc7 Bb4+ 12. Kf1 Qe7 13. Nf3 Bd6 14. Bxd6
Qxd6 15. g4 Nhf6 16. Rg1 Nb6 17. Ne5 Nfd7 18. f4 Nxe5 19. dxe5 Qe7 20. a4 Be6
21. b3 Rc8 22. Qe2 a5 23. Kg2 Qh4 24. Kh1 O-O 25. Rg3 Rc3 26. Rag1 Rfc8 27. Qd2
d4 28. e4 Bxb3 29. Qg2 Rc1 0-1

[Event "4NCL Division Two"]
[Site "Telford, ENG"]
[Date "2024.03.16"]
[EventDate "2024.03.16"]
[Round "7.38"]
[White "Patel, Diah"]
[WhiteElo "1503"]
[WhiteTeam "Barbican 4NCL"]
[Black "Korchagina, Polina"]
[BlackElo "1196"]
[BlackTeam "Anglian Avengers"]
[Result "0-1"]

1. e4 c5 2. Nc3 Nc6 3. g3 g6 4. Bg2 Bg7 5. f4 d6 6. Nf3 Nf6 7. h3 Rb8 8. O-O
O-O 9. d3 b5 10. g4 b4 11. Ne2 Qb6 12. Be3 Nd7 13. c3 Qa5 14. d4 bxc3 15. bxc3
cxd4 16. cxd4 Rb2 17. a3 Ba6 18. Re1 Bxe2 19. Qc1 Rfb8 20. Qxc6 Bxf3 21. Bxf3
Qb5 22. Qc3 Rb3 23. Qc2 Qa5 24. Qc6 R3b7 25. e5 Rc7 26. Bd2 Rxc6 27. Bxa5 Ra6
28. Bc7 Rb3 29. Bd5 Rbxa3 30. Rad1 dxe5 31. dxe5 Nb6 32. Bb7 Rg3+ 33. Kh2 Raa3
34. e6 Rxh3+ 35. Kg1 Rhd3 36. Rc1 Bd4+ 37. Kf1 Rac3 38. exf7+ Kxf7 39. Bxb6
axb6 40. Bd5+ Kf8 41. Ra1 Rc8 42. Ra7 Bc5 43. Bb7 Rcd8 44. Raa1 Rd2 45. Ra4
Rf2+ 46. Kg1 Rxf4+ 47. Kh1 Rxa4 48. Rf1+ Kg7 49. g5 Rh4+ 50. Kg2 Rg4+ 51. Kh3
Rxg5 52. Kh4 Rh5+ 53. Kg4 Rd4+ 54. Kg3 Bd6+ 55. Kg2 Rh2+ 56. Kg1 Rg4+ 57. Bg2
Rgxg2# 0-1

[Event "4NCL Division Two"]
[Site "Telford, ENG"]
[Date "2024.03.16"]
[EventDate "2024.03.16"]
[Round "7.41"]
[White "Atako, Chino C"]
[WhiteElo "2129"]
[WhiteTeam "Cambridge University 2"]
[Black "Taylor, Adam A"]
[BlackElo "2257"]
[BlackTeam "SchachAttack"]
[Result "0-1"]

1. d4 Nf6 2. Nf3 e6 3. g3 b6 4. Bg2 Bb7 5. O-O Be7 6. c4 O-O 7. Nc3 Ne4 8. Qc2
Nxc3 9. Qxc3 d6 10. Be3 a5 11. Rfd1 Nd7 12. c5 Nf6 13. Qc2 Be4 14. Qa4 Qb8 15.
cxd6 cxd6 16. Rdc1 b5 17. Qd1 Qb7 18. Ne1 Bxg2 19. Nxg2 a4 20. Qd3 b4 21. Bd2
b3 22. a3 d5 23. Bg5 Rfc8 24. Bxf6 Bxf6 25. Nf4 g6 26. e3 e5 27. Ne2 e4 28. Qd2
Bd8 29. Rxc8 Rxc8 30. Rc1 Rxc1+ 31. Qxc1 Qa6 32. Nc3 Qc4 33. Qf1 Qc6 34. Qb5
Qxb5 35. Nxb5 Ba5 36. Kf1 Bd2 37. Ke2 Bc1 38. Nc3 Bxb2 39. Nxa4 Bxa3 40. Kd2
Bb4+ 41. Kc1 Be1 42. Nb6 Bxf2 43. Nxd5 f5 44. Kb2 Kf7 45. Kxb3 g5 46. Kc3 Ke6
47. Kc4 h5 48. Kc5 Bg1 49. h4 f4 50. exf4 gxh4 51. gxh4 e3 52. Nc3 Kf5 53. Ne2
Bf2 54. d5 Ke4 55. Kc4 Bxh4 56. d6 Bd8 57. d7 h4 58. f5 h3 59. Kc3 h2 0-1

[Event "4NCL Division Two"]
[Site "Telford, ENG"]
[Date "2024.03.16"]
[EventDate "2024.03.16"]
[Round "7.42"]
[White "Nicholas, Koichi B"]
[WhiteElo "2149"]
[WhiteTeam "SchachAttack"]
[Black "Borrowdale, Graham E"]
[BlackElo "1917"]
[BlackTeam "Cambridge University 2"]
[Result "1-0"]

1. e4 e6 2. d4 d5 3. Nd2 Nf6 4. e5 Nfd7 5. f4 c5 6. c3 Nc6 7. Ndf3 c4 8. h4 b5
9. h5 b4 10. Qc2 Qa5 11. Ne2 Be7 12. g3 Rb8 13. Bh3 Nb6 14. f5 exf5 15. Bxf5 b3
16. Qb1 bxa2 17. Qc2 Qa4 18. Qxa4 Nxa4 19. Bxc8 Rxc8 20. Rxa2 Nb6 21. g4 a5 22.
Ng3 O-O 23. Nf5 a4 24. h6 g6 25. Nxe7+ Nxe7 26. Bg5 Nc6 27. O-O Rfe8 28. Rf2
Ra8 29. Ne1 Re6 30. Nc2 Ree8 31. Ra1 Rab8 32. Raf1 Rb7 33. Ne1 Rd7 34. Ng2 Nd8
35. Kh2 Ne6 36. Bh4 Ra8 37. Ne3 a3 38. bxa3 Rxa3 39. Rb2 Rb3 40. Rfb1 g5 41.
Rxb3 cxb3 42. Rxb3 gxh4 43. Rxb6 Rd8 44. Kh3 Kf8 45. Kxh4 Nf4 46. Rc6 Ne6 47.
Rd6 Rxd6 48. exd6 1-0

[Event "4NCL Division Two"]
[Site "Telford, ENG"]
[Date "2024.03.16"]
[EventDate "2024.03.16"]
[Round "7.43"]
[White "Camp, Imogen A L"]
[WhiteTitle "WCM"]
[WhiteElo "1827"]
[WhiteTeam "Cambridge University 2"]
[Black "Hng, Mei-En Emmanuelle"]
[BlackTitle "WFM"]
[BlackElo "2141"]
[BlackTeam "SchachAttack"]
[Result "1/2-1/2"]

1. d4 Nf6 2. c4 e6 3. Nc3 c5 4. d5 exd5 5. cxd5 d6 6. Nf3 g6 7. Bf4 Bg7 8. Qa4+
Bd7 9. Qb3 Qc7 10. h3 O-O 11. e3 Re8 12. Nd2 Nh5 13. Bh2 f5 14. Be2 Nf6 15. Bf3
Na6 16. a3 Rab8 17. Nc4 Bf8 18. a4 Nb4 19. O-O a6 20. a5 Bb5 21. Rfd1 Bxc4 22.
Qxc4 Nd7 23. Ne2 g5 24. Nd4 b5 25. Qc1 Ne5 26. Nxf5 Nxf3+ 27. gxf3 Qd7 28. e4
h6 29. Qc3 Rbd8 30. Qf6 Kh7 31. Rd2 Bg7 32. Qxd6 Bf8 33. Qxd7+ Rxd7 34. Re1 Kg6
35. Red1 c4 36. h4 Nd3 37. Kg2 Bb4 38. Rxd3 cxd3 39. Rxd3 Rc8 40. hxg5 hxg5 41.
Nd4 Bd6 42. Bxd6 Rxd6 43. Nc6 Kf7 44. e5 Rdxc6 45. dxc6 Rxc6 46. Rd7+ Kf8 47.
Rd6 Rc2 48. Rxa6 Rxb2 49. Rb6 Ke7 50. a6 Ra2 51. Kg3 Ra4 52. Rxb5 Ke6 53. a7
Rxa7 54. Kg4 Rf7 55. Rb6+ Kxe5 56. Rb5+ Ke6 57. Rxg5 Ra7 58. f4 Ra2 59. f5+ Kf7
60. f3 Ra4+ 61. f4 Ra1 62. f6 Kxf6 63. Rf5+ Kg6 64. Rb5 Rg1+ 65. Kf3 Rf1+ 66.
Ke4 Re1+ 67. Kd4 Kf6 68. Kc4 Re4+ 69. Kc3 1/2-1/2

[Event "4NCL Division Two"]
[Site "Telford, ENG"]
[Date "2024.03.16"]
[EventDate "2024.03.16"]
[Round "7.44"]
[White "Foo, Zhi Rong Benjamin"]
[WhiteTitle "CM"]
[WhiteElo "2207"]
[WhiteTeam "SchachAttack"]
[Black "Barwick, Carmel"]
[BlackElo "1866"]
[BlackTeam "Cambridge University 2"]
[Result "1/2-1/2"]

1. e4 c5 2. Nc3 e6 3. f4 a6 4. Nf3 Nc6 5. b3 Nge7 6. Bb2 d5 7. d3 d4 8. Ne2 Ng6
9. g4 e5 10. f5 Nh4 11. Nxh4 Qxh4+ 12. Ng3 Bd7 13. Qf3 Nb4 14. Qe2 Qd8 15. a3
Nc6 16. h4 Qa5+ 17. Kd1 O-O-O 18. Bh3 Be7 19. g5 f6 20. Bc1 Rdg8 21. Rg1 h6 22.
gxh6 gxh6 23. Rg2 Qd8 24. Bd2 Na7 25. a4 Kb8 26. Qf3 Be8 27. h5 Nc8 28. Nf1
Rxg2 29. Bxg2 Nd6 30. Bh3 Nf7 31. Bg4 Ng5 32. Bxg5 hxg5 33. Ng3 Bf7 34. Qe2 Qb6
35. Qd2 Qc6 36. Ke2 Bf8 37. Kf3 Bh6 38. Rb1 Qc7 39. Ne2 Bf8 40. Rh1 Bh6 41. Ng1
Qb6 42. a5 Qb4 43. Ke2 Qb5 44. Nh3 Qe8 45. Nf2 Bg7 46. Qd1 Bxh5 47. Bxh5 Rxh5
48. Kd2 Rxh1 49. Qxh1 Qh8 50. Qg1 Bf8 51. c3 Be7 52. Ng4 Bd8 53. b4 dxc3+ 54.
Kxc3 cxb4+ 55. Kxb4 Qe8 56. Kb3 Qb5+ 57. Kc2 Qa4+ 58. Kb2 Qb5+ 59. Kc2 Bxa5 60.
Qh2 Qc6+ 61. Kb1 Bc3 62. Qa2 Qc5 63. Qb3 Qg1+ 64. Kc2 Qxg4 65. Kxc3 Qh4 66. Qb6
Qh8 67. Kd2 g4 68. Ke2 Qh2+ 69. Kd1 g3 70. Qd6+ Kc8 71. Qc5+ Kd8 72. Qd6+ Kc8
73. Qc5+ Kd8 74. Qd6+ Kc8 75. Qc5+ 1/2-1/2

[Event "4NCL Division Two"]
[Site "Telford, ENG"]
[Date "2024.03.16"]
[EventDate "2024.03.16"]
[Round "7.45"]
[White "Lim, Mark"]
[WhiteElo "1776"]
[WhiteTeam "Cambridge University 2"]
[Black "Waller, Dan"]
[BlackElo "2110"]
[BlackTeam "SchachAttack"]
[Result "1/2-1/2"]

1. Nf3 d5 2. d4 Nf6 3. c4 c6 4. cxd5 cxd5 5. Nc3 Nc6 6. Bf4 Bf5 7. e3 e6 8. Qb3
Bb4 9. Ne5 Bxc3+ 10. bxc3 Nxe5 11. Bxe5 Qe7 12. Bb5+ Kf8 13. O-O Ne4 14. Rfc1
f6 15. Bg3 Kf7 16. f3 Nxg3 17. hxg3 Rhc8 18. Bf1 Rc7 19. c4 Rac8 20. c5 Bg6 21.
Rc3 Kg8 22. Rac1 Bf7 23. a4 h5 24. a5 Qd8 25. a6 b6 26. cxb6 Rxc3 27. Rxc3 Rxc3
28. Qxc3 Qxb6 29. Qc8+ Kh7 30. Bd3+ Bg6 31. Bxg6+ Kxg6 32. Qe8+ Kh6 33. Qh8+
Kg6 34. g4 hxg4 35. fxg4 Kf7 36. Qc8 1/2-1/2

[Event "4NCL Division Two"]
[Site "Telford, ENG"]
[Date "2024.03.16"]
[EventDate "2024.03.16"]
[Round "7.46"]
[White "Voyiakis, Emmanuel"]
[WhiteElo "2055"]
[WhiteTeam "SchachAttack"]
[Black "Phillips, William"]
[BlackElo "1793"]
[BlackTeam "Cambridge University 2"]
[Result "1/2-1/2"]

1. Nf3 Nf6 2. g3 d5 3. Bg2 c6 4. d3 Bg4 5. Nbd2 Nbd7 6. O-O e5 7. e4 Bd6 8. h3
Bh5 9. Qe1 O-O 10. Nh4 dxe4 11. dxe4 Bc5 12. Nb3 Bb6 13. Be3 Bg6 14. Rd1 Qc7
15. f4 Bxe4 16. Bxe4 Nxe4 17. Bxb6 Qxb6+ 18. Kg2 Ndc5 19. Nxc5 Nxc5 20. Qxe5
Rfe8 21. Qd4 Rad8 22. Qf2 Na4 23. Qxb6 Nxb6 24. Rxd8 Rxd8 25. b3 Rd2+ 1/2-1/2

[Event "4NCL Division Two"]
[Site "Telford, ENG"]
[Date "2024.03.16"]
[EventDate "2024.03.16"]
[Round "7.51"]
[White "Baker, Chris W"]
[WhiteTitle "IM"]
[WhiteElo "2284"]
[WhiteTeam "Warwickshire Select 1"]
[Black "Holland, James P"]
[BlackElo "2359"]
[BlackTeam "The Sharks 2"]
[Result "1/2-1/2"]

1. Nf3 a6 2. e4 c5 3. c4 e6 4. Nc3 Nc6 5. d4 cxd4 6. Nxd4 Nf6 7. Nc2 Qc7 8. Be3
Ne5 9. Qd4 Neg4 10. Qb6 Qb8 11. Bg5 Bd6 12. h3 Bc7 13. Qd4 Ne5 14. Be2 d6 15.
O-O Bd7 16. Rfd1 Qa7 17. Qxa7 Rxa7 18. Be3 1/2-1/2

[Event "4NCL Division Two"]
[Site "Telford, ENG"]
[Date "2024.03.16"]
[EventDate "2024.03.16"]
[Round "7.52"]
[White "Foisor, Mihaela-Veronica"]
[WhiteTitle "WIM"]
[WhiteElo "2195"]
[WhiteTeam "The Sharks 2"]
[Black "Bowcott-Terry, Finlay"]
[BlackElo "2298"]
[BlackTeam "Warwickshire Select 1"]
[Result "1/2-1/2"]

1. c4 f5 2. Nc3 Nf6 3. g3 e5 4. d4 e4 5. Bg5 Bb4 6. Qb3 Bxc3+ 7. Qxc3 O-O 8.
Nh3 h6 9. Bxf6 Qxf6 10. Nf4 c6 11. h4 d6 12. h5 Na6 13. e3 Nc7 14. Ne2 Ne6 15.
Rh4 Ng5 16. c5 d5 17. Kd2 Bd7 18. a3 Rfb8 19. Rh1 b5 20. b4 1/2-1/2

[Event "4NCL Division Two"]
[Site "Telford, ENG"]
[Date "2024.03.16"]
[EventDate "2024.03.16"]
[Round "7.53"]
[White "Pitcher, John"]
[WhiteElo "2315"]
[WhiteTeam "Warwickshire Select 1"]
[Black "Price, Gwilym"]
[BlackElo "2267"]
[BlackTeam "The Sharks 2"]
[Result "1/2-1/2"]

1. d4 Nf6 2. Bf4 d6 3. e3 g6 4. Nf3 Bg7 5. h3 O-O 6. Be2 Nc6 7. O-O e5 8. Bh2
Ne4 9. c3 f5 10. Na3 Ng5 11. dxe5 Nxf3+ 12. Bxf3 Bxe5 13. Bxe5 dxe5 14. Bxc6
bxc6 15. Qa4 Qe8 16. f4 Be6 17. c4 c5 18. Qxe8 Rfxe8 19. b3 exf4 20. exf4 Bd7
21. Rfe1 Bc6 22. Kf2 a6 23. g3 Be4 24. Rad1 Red8 25. Nb1 Bxb1 26. Rxb1 Rd2+ 27.
Re2 Rad8 28. Rbe1 Kf7 29. Kf1 1/2-1/2

[Event "4NCL Division Two"]
[Site "Telford, ENG"]
[Date "2024.03.16"]
[EventDate "2024.03.16"]
[Round "7.54"]
[White "Lentzos, Ioanis"]
[WhiteElo "2205"]
[WhiteTeam "The Sharks 2"]
[Black "Valdepenas Octavio, Javier"]
[BlackElo "2216"]
[BlackTeam "Warwickshire Select 1"]
[Result "0-1"]

1. c4 e6 2. d4 d5 3. Nf3 Nf6 4. Nc3 a6 5. c5 b6 6. cxb6 cxb6 7. Bf4 Bb7 8. e3
Be7 9. h3 O-O 10. Bd3 b5 11. O-O Nbd7 12. Rc1 Qb6 13. a3 Rfc8 14. b4 Qd8 15.
Qb3 Qf8 16. Rb1 Ne4 17. Bxe4 dxe4 18. Nd2 Nf6 19. Be5 Bd6 20. Bxf6 gxf6 21.
Ncxe4 Qg7 22. f3 Bb8 23. Rfc1 Rd8 24. Nc5 Bd5 25. Qd3 Qg3 26. e4 Qh2+ 27. Kf1
Ba2 28. Rb2 Qh1+ 29. Kf2 Qxc1 30. Rxa2 Be5 31. d5 exd5 32. Rc2 Qa1 33. exd5
Qd4+ 34. Ke2 Qxd3+ 35. Kxd3 Rxd5+ 36. Ke4 Rd4+ 37. Ke3 Rad8 38. Nde4 f5 39. f4
Bxf4+ 40. Kxf4 fxe4 41. Nxa6 Re8 42. Nc5 e3+ 43. Kf3 Rd2 44. Rc1 Rf2+ 45. Kg3
Kh8 46. Kh2 Rg8 47. Rg1 e2 48. Nd3 Rf1 49. g3 Rxg1 0-1

[Event "4NCL Division Two"]
[Site "Telford, ENG"]
[Date "2024.03.16"]
[EventDate "2024.03.16"]
[Round "7.55"]
[White "Shearsby, Jude"]
[WhiteElo "2171"]
[WhiteTeam "Warwickshire Select 1"]
[Black "Birtwistle, Nigel"]
[BlackElo "2134"]
[BlackTeam "The Sharks 2"]
[Result "0-1"]

1. e4 c5 2. Nf3 g6 3. d4 Bg7 4. dxc5 Qa5+ 5. c3 Qxc5 6. Na3 Nf6 7. Be3 Qa5 8.
e5 Ng4 9. Bd4 Nh6 10. Nc4 Qd8 11. h4 Nc6 12. h5 Nxd4 13. Qxd4 d6 14. O-O-O Bf5
15. Ne3 Qa5 16. Qc4 O-O 17. Nd5 Rfe8 18. hxg6 hxg6 19. a3 Ng4 20. Ng5 e6 21.
Qc7 Qxc7 22. Nxc7 Bxe5 23. Nh3 d5 24. Nxa8 g5 25. Bd3 Bxd3 26. Rxd3 Rxa8 27. g3
Bf6 28. f4 Kg7 29. fxg5 Be5 30. Rf1 Rh8 31. Nf4 Bb8 32. Rd2 Ne5 33. Re2 Bd6 34.
Kc2 Ng6 35. Nxg6 Kxg6 36. Rf6+ Kg7 37. Ref2 Rf8 38. R6f3 Be7 39. Rf4 Bxg5 40.
Rb4 Rb8 41. Re2 Kg6 42. Ra4 Ra8 43. Kd3 Kf6 44. Rg4 Kf5 45. Rb4 Rb8 46. Rf2+
Kg6 47. a4 f5 48. a5 Be7 49. Rb5 Bd6 50. Rf3 Kg5 51. Re3 Kf6 52. b3 Bc7 53. b4
a6 54. Rc5 Bd6 55. Kd4 Rg8 56. Rf3 Rg4+ 57. Rf4 Be5+ 58. Ke3 Rxg3+ 59. Rf3 Rg8
60. Rh3 Bd6 61. Rh7 Bxc5+ 62. bxc5 Rg7 63. Rh4 Ke5 64. c6 bxc6 65. Rb4 Rg3+ 66.
Kf2 Rxc3 67. Rb6 Ra3 68. Rxa6 c5 0-1

[Event "4NCL Division Two"]
[Site "Telford, ENG"]
[Date "2024.03.16"]
[EventDate "2024.03.16"]
[Round "7.56"]
[White "Milson, Samuel A"]
[WhiteElo "2172"]
[WhiteTeam "The Sharks 2"]
[Black "Shephard, Chris C W"]
[BlackElo "2162"]
[BlackTeam "Warwickshire Select 1"]
[Result "1/2-1/2"]

1. e4 d6 2. d4 Nf6 3. Nc3 e5 4. dxe5 dxe5 5. Qxd8+ Kxd8 6. Nf3 Bd6 7. Bc4 Ke7
8. Bg5 Be6 9. Bxe6 fxe6 10. h3 a6 11. O-O Nbd7 12. Be3 Rag8 13. Rad1 h6 14. Nd2
g5 15. Ne2 h5 16. g3 Rg7 1/2-1/2

[Event "4NCL Division Two"]
[Site "Telford, ENG"]
[Date "2024.03.16"]
[EventDate "2024.03.16"]
[Round "7.57"]
[White "Fallowfield, Jeremy R"]
[WhiteElo "2187"]
[WhiteTeam "Warwickshire Select 1"]
[Black "Varnam, Liam D"]
[BlackElo "2118"]
[BlackTeam "The Sharks 2"]
[Result "1/2-1/2"]

1. e4 c5 2. Nf3 Nc6 3. d4 cxd4 4. Nxd4 Nf6 5. Nc3 e5 6. Ndb5 d6 7. Bg5 a6 8.
Na3 b5 9. Nab1 Be7 10. Bxf6 Bxf6 11. a4 b4 12. Nd5 O-O 13. Bc4 Bg5 14. O-O Be6
15. Qd3 a5 16. c3 Ne7 17. Rd1 Nxd5 18. Bxd5 Bxd5 19. Qxd5 Qb6 20. cxb4 Qxb4 21.
Nc3 Qxb2 22. Nb5 Rac8 23. Nxd6 Rc2 24. Rab1 Qa2 25. Ra1 Qb2 26. Rab1 Qa2 27.
Ra1 1/2-1/2

[Event "4NCL Division Two"]
[Site "Telford, ENG"]
[Date "2024.03.16"]
[EventDate "2024.03.16"]
[Round "7.58"]
[White "McCarthy, Kevin C"]
[WhiteElo "2016"]
[WhiteTeam "The Sharks 2"]
[Black "Dicen, Elis Denele"]
[BlackElo "2100"]
[BlackTeam "Warwickshire Select 1"]
[Result "1/2-1/2"]

1. d4 d5 2. c4 e6 3. Nf3 Nf6 4. Nc3 a6 5. Bg5 Be7 6. e3 O-O 7. Qc2 Nbd7 8. Be2
c6 9. O-O h6 10. Bh4 dxc4 11. Bxc4 b5 12. Be2 Bb7 13. Rfd1 Rc8 14. a3 c5 15.
dxc5 Rxc5 16. b4 Rc8 17. Qb3 Qc7 18. Rac1 Nb6 19. Bg3 Qc6 20. Bf1 Nc4 21. Nd4
Qb6 22. Nf3 Nh5 23. Nd2 Nxg3 24. hxg3 Nxd2 25. Rxd2 Bf6 26. Rdc2 Rcd8 27. a4
Bxc3 28. Rxc3 Bd5 29. Qa3 1/2-1/2

[Event "4NCL Division Two"]
[Site "Telford, ENG"]
[Date "2024.03.16"]
[EventDate "2024.03.16"]
[Round "7.61"]
[White "Richardson, John R"]
[WhiteTitle "FM"]
[WhiteElo "2277"]
[WhiteTeam "The ADs"]
[Black "Gallagher, Daniel GH"]
[BlackElo "2217"]
[BlackTeam "Cambridge University 1"]
[Result "1-0"]

1. d4 Nf6 2. c4 g6 3. g3 Bg7 4. Bg2 O-O 5. Nc3 d6 6. Nf3 c5 7. d5 e6 8. O-O
exd5 9. cxd5 Re8 10. Nd2 a6 11. a4 Nbd7 12. h3 Rb8 13. Nc4 Ne5 14. Na3 Nh5 15.
e4 Bd7 16. g4 b5 17. axb5 axb5 18. gxh5 b4 19. h6 bxa3 20. Rxa3 Bh8 21. f4 Nc4
22. Ra7 Nxb2 23. Qc2 Nc4 24. e5 Bf5 25. Ne4 Rb4 26. Qa2 Bxe4 27. Bxe4 dxe5 28.
f5 g5 29. Qg2 Bf6 30. Bxg5 Kf8 31. Ra8 1-0

[Event "4NCL Division Two"]
[Site "Telford, ENG"]
[Date "2024.03.16"]
[EventDate "2024.03.16"]
[Round "7.62"]
[White "McClement, Andrew"]
[WhiteElo "2221"]
[WhiteTeam "Cambridge University 1"]
[Black "Bradbury, Neil H"]
[BlackTitle "IM"]
[BlackElo "2287"]
[BlackTeam "The ADs"]
[Result "1/2-1/2"]

1. Nf3 Nf6 2. c4 c5 3. g3 Nc6 4. Nc3 g6 5. Bg2 Bg7 6. O-O O-O 7. a3 d5 8. cxd5
Nxd5 9. Qc2 Nxc3 10. bxc3 Bf5 11. e4 Bg4 12. d3 Qd7 13. Bf4 Rfd8 14. Rfd1 Rac8
15. Rac1 h6 16. Qb1 b6 17. Rd2 Bxf3 18. Bxf3 g5 19. Be3 g4 20. Be2 Ne5 21. Rdd1
h5 22. h4 Qe6 23. Kg2 Bh6 24. Rf1 Bg7 25. Rfd1 1/2-1/2

[Event "4NCL Division Two"]
[Site "Telford, ENG"]
[Date "2024.03.16"]
[EventDate "2024.03.16"]
[Round "7.63"]
[White "Roe, Simon J"]
[WhiteElo "2260"]
[WhiteTeam "The ADs"]
[Black "Stewart, Ashley"]
[BlackElo "2053"]
[BlackTeam "Cambridge University 1"]
[Result "1-0"]

1. c4 g6 2. g3 Bg7 3. Bg2 c5 4. Nf3 Nc6 5. O-O d6 6. Nc3 e6 7. Rb1 Nge7 8. a3
b6 9. b4 Bb7 10. e3 Qd7 11. d4 Rd8 12. Qd3 O-O 13. d5 exd5 14. cxd5 Ne5 15.
Nxe5 Bxe5 16. bxc5 bxc5 17. e4 Rb8 18. Bg5 Rfe8 19. Rfc1 Qg4 20. Be3 f5 21. h3
fxe4 22. Nxe4 Qc8 23. f4 Nxd5 24. fxe5 Rxe5 25. Nxd6 Qc6 26. Nxb7 Rxb7 27. Rxb7
Qxb7 28. Rxc5 Rxe3 29. Bxd5+ Kh8 30. Qd4+ Qg7 31. Rc8+ 1-0